<?xml version="1.0" encoding="UTF-8"?>
<collection xmlns="http://www.loc.gov/MARC21/slim">
    <record>
        <controlfield tag="001">1923</controlfield>
        <controlfield tag="005">20190219123708.0</controlfield>
        <controlfield tag="008">
   "    s2008    vau|    sm    00| 0|eng d"
   </controlfield>
        <datafield tag="020" ind1=" " ind2=" ">
            <subfield code="a">978-84-691-9373-0</subfield>
        </datafield>
        <datafield tag="035" ind1=" " ind2=" ">
            <subfield code="a">(UniZar) TDR-1205108-121903</subfield>
        </datafield>
        <datafield tag="041" ind1=" " ind2=" ">
            <subfield code="a">spa</subfield>
        </datafield>
        <datafield tag="100" ind1="1" ind2=" ">
            <subfield code="a">Hernández Cruz, Miguel Angel</subfield>
        </datafield>
        <datafield tag="245" ind1="0" ind2="0">
            <subfield code="a">Modelo de evaluación de la demanda energética en la planificación urbanística. Aplicación al estudio de Parque Goya.</subfield>
        </datafield>
        <datafield tag="256" ind1=" " ind2=" ">
            <subfield code="a">Computer data - 1 files(s)</subfield>
        </datafield>
        <datafield tag="260" ind1=" " ind2=" ">
            <subfield code="a">Zaragoza</subfield>
            <subfield code="b">Universidad de Zaragoza, Universidad de Zaragoza</subfield>
            <subfield code="c">2008</subfield>
        </datafield>
        <datafield tag="502" ind1=" " ind2=" ">
            <subfield code="a">Universidad de Zaragoza, 2008-10-30</subfield>
        </datafield>
        <datafield tag="504" ind1=" " ind2=" ">
            <subfield code="a">Includes bibliographical references.</subfield>
        </datafield>
        <datafield tag="506" ind1=" " ind2=" ">
            <subfield code="a">by-nc-nd</subfield>
            <subfield code="b">Creative Commons</subfield>
            <subfield code="c">3.0</subfield>
            <subfield code="u">https://creativecommons.org/licenses/by-nc-nd/3.0/</subfield>
        </datafield>
        <datafield tag="520" ind1="3" ind2=" ">
            <subfield code="a">El objetivo de la tesis es definir una metodología de evaluación de la demanda energética anual (calefacción + refrigeración) de los edificios que conforman un área urbana que permita la optimización (sencilla, ráptaga, suficientemente exacta) por aproximaciones sucesivas respecto a la solución inicial, permitiéndose llevar a cabo cambios tanto a nivel del edificio como de los condicionantes existentes entre ellos (orientación, separación, ...). The objective of the thesis is define a methodology of evaluation of the energy annual demand (heating+ cooling) of the buildings that conform an urban area that permits the optimitation (simple, quick, exact enough) for successive approaches concerning the initial solution, being permitted carry out changes so much to level of the building like of the existent determinant between them (orientation, separation,...).</subfield>
        </datafield>
        <datafield tag="538" ind1=" " ind2=" ">
            <subfield code="a">System requirements: PC, World Wtage Web Browser and PDF reader</subfield>
        </datafield>
        <datafield tag="538" ind1=" " ind2=" ">
            <subfield code="a">Available electronically via Internet</subfield>
        </datafield>
        <datafield tag="653" ind1=" " ind2=" ">
            <subfield code="a">Arquitectura bioclimática - Bioclimatic architectu</subfield>
        </datafield>
        <datafield tag="653" ind1=" " ind2=" ">
            <subfield code="a">Balance energético de los edifcios - Energy balanc</subfield>
        </datafield>
        <datafield tag="653" ind1=" " ind2=" ">
            <subfield code="a">Planficación urbana - Town urbannig </subfield>
        </datafield>
        <datafield tag="700" ind1=" " ind2=" ">
            <subfield code="a">Turégano Romero, José Antonio</subfield>
            <subfield code="e">Director/a de la tesis</subfield>
        </datafield>
        <datafield tag="710" ind1="2" ind2=" ">
            <subfield code="a">Universidad de Zaragoza</subfield>
            <subfield code="b">Ingeniería Mecánica</subfield>
        </datafield>
        <datafield tag="856" ind1="4" ind2=" ">
            <subfield code="s">7115801</subfield>
            <subfield code="u">http://zaguan.unizar.es/record/1923/files/TUZ_041_hernandez_pgoya_2.pdf</subfield>
            <subfield code="z">Texto completo (spa) - 2 de 2</subfield>
        </datafield>
        <datafield tag="856" ind1="4" ind2=" ">
            <subfield code="s">9061184</subfield>
            <subfield code="u">http://zaguan.unizar.es/record/1923/files/TUZ_041_hernandez_pgoya_1.pdf</subfield>
            <subfield code="z">Texto completo (spa) - 1 de 2</subfield>
        </datafield>
        <datafield tag="909" ind1="C" ind2="O">
            <subfield code="o">oai:zaguan.unizar.es:1923</subfield>
        </datafield>
        <datafield tag="909" ind1="c" ind2="o">
            <subfield code="p">tesis</subfield>
        </datafield>
        <datafield tag="909" ind1="C" ind2="O">
            <subfield code="p">driver</subfield>
        </datafield>
        <datafield tag="980" ind1=" " ind2=" ">
            <subfield code="a">TESIS </subfield>
        </datafield>
    </record>

    
</collection>